00270nam a22000977a 4500008004100000082001600041100001600057245006300073260002700136300000900163230606b xxu||||| |||| 00| 0 eng d a345.01bHOI cDavid Hoile aThe International Criminal CourtbEurope's Guantanamo Bay? bAfrica Research Centre a345p